000 00515nam a22001817a 4500
005 20250625155329.0
010 _aENG-145561
020 _a9788119670871
_c350.00
035 _aEN-129093
037 _bDBAD
082 _aS
_21
245 _aLove Stories Across Time And History/
_cCompiled by Abhishek Rana
260 _aNew Delhi
_bVitasta Publishing Pvt Ltd
_c2024
270 _a4348/4C, Ansari Road, Daryaganj
_bNew Delhi
_e110002
300 _a143p.
_c20cm(Pb)
760 _b1
942 _2ddc
_cEN
_hS
_mLOV
999 _c211955
_d211955